| 000 | 00490cam a22001337a 4500 | ||
|---|---|---|---|
| 008 | 180718b2001 xxu||||| |||| 00| 0 eng d | ||
| 082 | _aAPPPA 2000-01 SIN | ||
| 100 | _aSingh, Ranbir | ||
| 245 |
_aReview of procedure for processing family pension claims in respect of defence personnel who die in harness _cby Ranbir Singh |
||
| 260 |
_aNew Delhi _bIndian Institute of Public Administration _c2001 |
||
| 300 | _av.p. | ||
| 650 | _aRailways - India | ||
| 650 | _aPensions - Law and legislation | ||
| 999 |
_c490925 _d490925 |
||